[Event "Pamplona op"]
[Site "Pamplona"]
[Date "2001.12.28"]
[Round "2"]
[White "Aguinaga Ruiz, Jose Luis"]
[Black "Collas, Didier"]
[Result "0-1"]
[WhiteElo "1926"]
[BlackElo "2414"]
[PlyCount "72"]
[EventDate "2001.12.05"]
[EventType "swiss"]
[EventRounds "9"]
[EventCountry "ESP"]
[SourceTitle "EXT 2003"]
[Source "ChessBase"]
[SourceDate "2002.11.25"]
[SourceVersion "1"]
[SourceVersionDate "2002.11.25"]
[SourceQuality "1"]

1. e4 c5 2. Nc3 e6 3. Nge2 a6 4. d4 cxd4 5. Nxd4 b5 6. Bd3 d6 7. Be3 Nf6 8. f3 Bb7 9. Qd2 Nbd7 10. 0-0-0 b4 11. Nce2 d5 12. e5 Nxe5 13. g4 Bd6 14. g5 Nfd7 15. h4 Qc7 16. Kb1 Nc4 17. Bxc4 Qxc4 18. Rc1 a5 19. b3 Qa6 20. h5 a4 21. g6 Ne5 22. gxf7+ Kxf7 23. Nf4 Rhe8 24. Rhg1 Bf8 25. Rg5 Nd7 26. Rcg1 axb3 27. cxb3 e5 28. Nf5 exf4 29. Rxg7+ Bxg7 30. Rxg7+ Kf6 31. Rxd7 Qf1+ 32. Kb2 Rxa2+ 33. Kxa2 Ra8+ 34. Kb2 Qa1+ 35. Kc2 Ra2+ 36. Kd3 Ba6# 0-1